| 000 | 00349nam a22001457a 4500 | ||
|---|---|---|---|
| 003 | OSt | ||
| 008 | 250529b |||||||| |||| 00| 0 eng d | ||
| 100 | _aSARASWATI, Meharsee Dayanand | ||
| 245 | _aDayanand Lagugranth Sangrah | ||
| 250 | _a1st | ||
| 260 |
_aNew Delhi _bArya Prakashan _c2018 |
||
| 300 | _a360 | ||
| 650 | _aGeneral | ||
| 942 |
_2ddc _cBK |
||
| 999 |
_c13617 _d13617 |
||